000 00453nmm a2200169Ia 4500
008 251105s9999||||xx |||||||||||||||||und||
020 _a9788446048916
041 _aspa
100 _aLiedman, Sven-Eric
245 0 _aKarl Marx :
_b Una biografía
264 _a[Madrid, España] :
_bAkal,
_c2020
300 _a640 páginas
490 _aBiografías
650 _aBiography
856 _uhttps://public.digitaliapublishing.com/a/70719
942 _cCF
999 _c83193
_d83193